Southville International School and Colleges
Your cart is empty.
  • Cart
  • Lists
    Public lists Eva Luna New books Lux_list list_1
    Your lists Log in to create your own lists
  • Log in to your account
  • Your cookies
  • Search history
Southville International School and Colleges
  • Advanced search
  • Recent comments
  • Most popular
  • Libraries

Log in to your account

Log in with GOOGLE


If you do not have an external account, but do have a local account, you can still log in:

  1. Home
  2. MARC view: The antecedents of employee engagement in educational institutions
Normal view MARC view ISBD view

The antecedents of employee engagement in educational institutions (Record no. 329880)

[ view plain ]
MARC details
000 -LEADER
fixed length control field 00528nam a2200169Ia 4500
008 - FIXED-LENGTH DATA ELEMENTS--GENERAL INFORMATION
fixed length control field 170510s9999 xx 000 0 und d
100 ## - MAIN ENTRY--PERSONAL NAME
Personal name Melva M. Diamante
245 #4 - TITLE STATEMENT
Title The antecedents of employee engagement in educational institutions
245 ## - TITLE STATEMENT
Statement of responsibility, etc Melva M. Diamante, Jocelyn P. Tizon, Josellie E. Opao.
260 ## - PUBLICATION, DISTRIBUTION, ETC. (IMPRINT)
Date of publication, distribution, etc 2016
300 ## - PHYSICAL DESCRIPTION
Extent pages 1-18,December
440 ## - SERIES STATEMENT/ADDED ENTRY--TITLE
Title SGEN Research Review
Volume number/sequential designation 5:1
650 ## - SUBJECT ADDED ENTRY--TOPICAL TERM
Topical term or geographic name as entry element Antecedent
650 ## - SUBJECT ADDED ENTRY--TOPICAL TERM
Topical term or geographic name as entry element Career development
650 ## - SUBJECT ADDED ENTRY--TOPICAL TERM
Topical term or geographic name as entry element Employee engagement
650 ## - SUBJECT ADDED ENTRY--TOPICAL TERM
Topical term or geographic name as entry element Work environment
Holdings
Withdrawn status Lost status Damaged status Home library Current library Date acquired Total Checkouts Date last seen Price effective from Koha item type
      College Library College Library 05/10/2017   05/10/2017 05/10/2017 Periodicals

The antecedents of employee engagement in educational institutions

APA

Melva M. Diamante, . (2016). The antecedents of employee engagement in educational institutions. : .

Chicago

Melva M. Diamante, . 2016. The antecedents of employee engagement in educational institutions. : .

Harvard

Melva M. Diamante, . (2016). The antecedents of employee engagement in educational institutions. : .

MLA

Melva M. Diamante, . The antecedents of employee engagement in educational institutions. : . 2016.

  • Place hold
  • Print
  • Cite
  • Add to your cart (remove)
  • Save record
    BIBTEX Dublin Core MARCXML MARC (non-Unicode/MARC-8) MARC (Unicode/UTF-8) MARC (Unicode/UTF-8, Standard) MODS (XML) RIS
  • More searches
    Search for this title in:
    Other Libraries (WorldCat) Other Databases (Google Scholar) Online Stores (Bookfinder.com) Open Library (openlibrary.org)

Exporting to Dublin Core...

SOUTHVILLE LIBRARY

Southville International School and Colleges Library

1281 Tropical Ave. Cor. Luxembourg St., BF Homes International, Las Pinas City

Tel. No. 8256374 / 252358 Loc. 117/146

Powered by Koha